| 000 | 00533nam a22001817a 4500 | ||
|---|---|---|---|
| 999 |
_c5709 _d5709 |
||
| 003 | AR-CdUCM | ||
| 008 | 190313b ||||| |||| 00| 0 spa d | ||
| 040 |
_aMUNICIPALIDAD PROVINCIAL DEL CUSCO _cBIBLIOTECA MUNICIPAL DEL CUSCO |
||
| 082 |
_a869.56 / _bH39 |
||
| 100 |
_aHenderson, Carlos _912027 |
||
| 245 | _aLos días hostiles / | ||
| 260 |
_aLima : _bEdiciones de La Rama Florida, _c1965. |
||
| 300 |
_a18 páginas ; _c26 cm. |
||
| 650 |
_aPoesías peruanas _91481 |
||
| 650 |
_aSiglo XX _98 |
||
| 942 |
_2ddc _cLIBROS |
||
| 945 | _azta | ||